Biofilické prvky v interiéri

Salvato in:
Dettagli Bibliografici
Autore principale: Príbytná, Lucia (Autore)
Altri autori: Antony, Tibor (Relatore della tesi)
Natura: Manoscritto Libro
Lingua:slovacco
Pubblicazione: Bratislava 2023
Soggetti:
Accesso online:http://is.stuba.sk/zp/portal_zp.pl?podrobnosti=170263
Tags: Aggiungi Tag
Nessun Tag, puoi essere il primo ad aggiungerne!!

MARC

LEADER 00000ntm a22000003a 4500
001 stuzp94260
003 SK-STU
005 20231005105941.7
007 ta
008 150427s2015----xo-----f-mn---000-0-slo-d
040 |a STU  |b slo 
041 0 |a slo 
100 1 |a Príbytná, Lucia  |u 059190  |4 aut  |U FAD Fakulta architektúry a dizajnu  |T FAD Ústav dizajnu  |X 93726  |U A9190  |Y 400  |7 93726 
242 0 1 |a Biophilic elements in indoor spaces  |y eng 
245 1 0 |a Biofilické prvky v interiéri 
260 |c 2023  |a Bratislava 
650 4 |a biofília  |2 slo 
650 4 |a rastliny  |2 slo 
650 4 |a UX/UI  |2 slo 
650 4 |a aplikácia  |2 slo 
650 4 |a užívateľ  |2 slo 
650 4 |a biophilia  |2 eng 
650 4 |a plants  |2 eng 
650 4 |a UX/UI  |2 eng 
650 4 |a application  |2 eng 
650 4 |a user  |2 eng 
700 1 |a Antony, Tibor  |u 059190  |k Z1  |4 ths  |U FAD Fakulta architektúry a dizajnu  |T FAD Ústav dizajnu  |X 15543  |U A9190  |Y 400  |7 A000015543 
856 4 |u http://is.stuba.sk/zp/portal_zp.pl?podrobnosti=170263  |u https://opac.crzp.sk/?fn=detailBiblioForm&sid=1755732D0F093F437BAA33EAC795